000 00595nam a2200193Ia 4500
005 20250326141359.0
008 250326s9999 xx 000 0 und d
020 _a81-224-0403-0
037 _aTextbook
040 _aFMSL
_beng
_cFMSL
041 _aeng
_2eng
084 _aX8(F55) N2
_qFMSL
100 _aKamal Raj Ed.
_9744316
245 0 _aSolar energy and energy conservation revieast in contemporary physics
_cKamal Raj And Others Ed.
260 _aNew Delhi
_bNew Delhi, Wiley Eastern
_c1992
300 _axv,345
942 _cTB
_hX8(F55) N2
999 _c1290037
_d1290037